000 00308nam a22001337a 4500
008 181029b xxu||||| |||| 00| 0 eng d
020 _a0872077853
041 _aeng
080 _23rd
_a004
100 _a28
101 _aSHK
245 _aComputer Applications in Reading
_cBlanchard,J.S
942 _2udc
_cBK
999 _c51044
_d51044